|
|
|
|
| LEADER |
01447nam a2200409 4500 |
| 001 |
on1090728003 |
| 003 |
OCoLC |
| 005 |
20200326101200.0 |
| 006 |
m o d |
| 007 |
cr cnu---unuuu |
| 008 |
190327s2019 ne o 000 0 eng d |
| 040 |
|
|
|a N$T
|b eng
|e rda
|e pn
|c N$T
|d OPELS
|d UKMGB
|d OCLCF
|d UKAHL
|d GrThAP
|
| 015 |
|
|
|a GBB952028
|2 bnb
|
| 016 |
7 |
|
|a 019308997
|2 Uk
|
| 020 |
|
|
|a 9780444642769
|q (electronic bk.)
|
| 020 |
|
|
|a 0444642765
|q (electronic bk.)
|
| 020 |
|
|
|a 9780444642752
|
| 020 |
|
|
|a 0444642757
|
| 035 |
|
|
|a (OCoLC)1090728003
|
| 050 |
|
4 |
|a QC355.3
|
| 072 |
|
7 |
|a SCI
|x 053000
|2 bisacsh
|
| 082 |
0 |
4 |
|a 535
|2 23
|
| 245 |
0 |
0 |
|a Progress in optics.
|n Volume 64 /
|c edited by Taco Visser.
|
| 264 |
|
1 |
|a Amsterdam :
|b Elsevier,
|c 2019.
|
| 300 |
|
|
|a 1 online resource (1 volume)
|
| 336 |
|
|
|a text
|b txt
|2 rdacontent
|
| 337 |
|
|
|a computer
|b c
|2 rdamedia
|
| 338 |
|
|
|a online resource
|b cr
|2 rdacarrier
|
| 490 |
0 |
|
|a Progress in Optics
|v Volume 64
|
| 588 |
0 |
|
|a Print version record.
|
| 650 |
|
0 |
|a Optics.
|
| 650 |
|
7 |
|a SCIENCE / Physics / Optics & Light
|2 bisacsh
|
| 650 |
|
7 |
|a Optics.
|2 fast
|0 (OCoLC)fst01046845
|
| 655 |
|
4 |
|a Electronic books.
|
| 700 |
1 |
|
|a Visser, T. D.
|q (Taco D.),
|e editor.
|
| 776 |
0 |
8 |
|i Print version:
|t Progress in optics. Volume 64.
|d Amsterdam : Elsevier, 2019
|z 9780444642752
|w (OCoLC)1090423858
|
| 856 |
4 |
0 |
|3 ScienceDirect
|u https://www.sciencedirect.com/science/bookseries/00796638/64
|z Full Text via HEAL-Link
|